<?xml version="1.0" encoding="UTF-8"?>
<record
    xmlns:xsi="http://www.w3.org/2001/XMLSchema-instance"
    xsi:schemaLocation="http://www.loc.gov/MARC21/slim http://www.loc.gov/standards/marcxml/schema/MARC21slim.xsd"
    xmlns="http://www.loc.gov/MARC21/slim">

  <leader>01722nam a2200217 a 4500</leader>
  <controlfield tag="001">000022560</controlfield>
  <controlfield tag="005">20200930021656.0</controlfield>
  <controlfield tag="008">101013s2001    sp            000 0 spa d</controlfield>
  <datafield tag="020" ind1=" " ind2=" ">
    <subfield code="a">8485840879</subfield>
  </datafield>
  <datafield tag="040" ind1=" " ind2=" ">
    <subfield code="a">DO-SdBNP</subfield>
    <subfield code="b">spa</subfield>
    <subfield code="c">BNPHU</subfield>
  </datafield>
  <datafield tag="082" ind1=" " ind2=" ">
    <subfield code="a">xxxx</subfield>
    <subfield code="b">C574l</subfield>
  </datafield>
  <datafield tag="245" ind1="0" ind2="0">
    <subfield code="a">Cine y literatura. Relaci&#xF3;n y posibilidades did&#xE1;cticas /</subfield>
    <subfield code="c">coordinadoras Gemma Pujals y Celia Romea.</subfield>
  </datafield>
  <datafield tag="260" ind1=" " ind2=" ">
    <subfield code="a">Barcelona, :</subfield>
    <subfield code="b">ICE-HORSORI,</subfield>
    <subfield code="c">2001.</subfield>
  </datafield>
  <datafield tag="300" ind1=" " ind2=" ">
    <subfield code="a">224 p. ;</subfield>
    <subfield code="c">21 cm.</subfield>
  </datafield>
  <datafield tag="490" ind1="1" ind2=" ">
    <subfield code="a">Cuadernos de educaci&#xF3;n</subfield>
    <subfield code="v">34</subfield>
  </datafield>
  <datafield tag="504" ind1=" " ind2=" ">
    <subfield code="a">Incluye referencias bibliogr&#xE1;ficas y notas al pie de las p&#xE1;ginas</subfield>
  </datafield>
  <datafield tag="504" ind1=" " ind2=" ">
    <subfield code="a">Bibliograf&#xED;as : p. 223-224</subfield>
  </datafield>
  <datafield tag="505" ind1="2" ind2=" ">
    <subfield code="a">Proleg&#xF3;menos / Gemma Pujals -- Narraci&#xF3;n litearia-Narraci&#xF3;n audiovisual -- Qu&#xE9; une y qu&#xE9; separa al cine y a la literatura? / Celia Romea -- Cine y literatura. (C&#xF3;mo un escritor ve cambiada su obra en gui&#xF3;n( / Andreu Mart&#xED;n -- Mitos literarios y argumentos cinematogr&#xE1;ficos -- El mito art&#xFA;rico / Carmen Echazarreta -- Frakestein, de la literatura al cine. Una propuesta / Manuela P&#xE9;rez- Mar&#xED;a Vila -- Literatura de terror: Dr&#xE1;cula de Bram Stoker y la versi&#xF3;n cinematogr&#xE1;fica de Francis Ford Coppola / Flor de Lis Igualada -- Cl&#xE1;sicos y modernos -- Una pel&#xED;cula, una lectura de texto, an&#xE1;lisis de la recepci&#xF3;n de el perro del hortelano / Gemma Pujals- Celia Romea -- Enrique V: la obra literaria y la pelicula en el aula de secundaria -- Elementos no verbales en la literatura y el cine / Merc&#xE9; Coll -- Interacci&#xF3;n de lenguajes -- Del film al papel: experiencias en la educaci&#xF3;n primaria / Anna Sol&#xE1;, componente del colectivo Drac M&#xE1;gic -- Tint&#xEE;n y el cine / Alba Ambr&#xF3;s - Marta Rovira.</subfield>
  </datafield>
  <datafield tag="830" ind1=" " ind2="0">
    <subfield code="a">Cuadernos de educaci&#xF3;n</subfield>
    <subfield code="n">34</subfield>
    <subfield code="9">46436</subfield>
  </datafield>
  <datafield tag="049" ind1=" " ind2=" ">
    <subfield code="a">BNPD</subfield>
  </datafield>
  <datafield tag="952" ind1=" " ind2=" ">
    <subfield code="0">0</subfield>
    <subfield code="1">0</subfield>
    <subfield code="5">0</subfield>
    <subfield code="7">1</subfield>
    <subfield code="8">MO</subfield>
    <subfield code="a">GR</subfield>
    <subfield code="b">GR</subfield>
    <subfield code="c">CT</subfield>
    <subfield code="d">2010-10-13</subfield>
    <subfield code="i">LF1</subfield>
    <subfield code="l">0</subfield>
    <subfield code="o">xxxx C574l</subfield>
    <subfield code="p">22560-10</subfield>
    <subfield code="r">2020-06-25</subfield>
    <subfield code="w">2020-06-25</subfield>
    <subfield code="y">1</subfield>
    <subfield code="Z">No se presta</subfield>
  </datafield>
  <datafield tag="999" ind1=" " ind2=" ">
    <subfield code="c">22057</subfield>
    <subfield code="d">22057</subfield>
  </datafield>
</record>
